Aries - DEITY Lyrics - Statistics

General Stats
  • This quiz has been taken 2 times
  • The average score is 45 of 236
Answer Stats
Answer % Correct
I
100%
a
50%
(a)
50%
All
50%
all
50%
carry
50%
deity
50%
(deity)
50%
don't
50%
eighty
50%
ghosts
50%
it
50%
me
50%
no
50%
now
50%
out
50%
outs
50%
phase
50%
Player
50%
player
50%
shake
50%
the
50%
these
50%
thou'
50%
to
50%
up
50%
And
0%
at
0%
Be
0%
(Be)
0%
beg
0%
beside
0%
Breaking
0%
can't
0%
case
0%
'Cause
0%
Come
0%
crop
0%
enemy
0%
Enemy
0%
Enjoy
0%
facing
0%
failing
0%
fake
0%
feed
0%
fiend
0%
find
0%
Focus
0%
for
0%
gossip
0%
Hang
0%
hate
0%
her
0%
him
0%
I'll
0%
I'm
0%
in
0%
is
0%
I've
0%
knees
0%
knock
0%
let's
0%
like
0%
Look
0%
lost
0%
love
0%
made
0%
Make
0%
might
0%
mind
0%
my
0%
night
0%
of
0%
off
0%
ok
0%
on
0%
one
0%
One
0%
Only
0%
pardon
0%
Probably
0%
reach
0%
safe
0%
save
0%
shoulders
0%
some
0%
Stay
0%
still
0%
stop
0%
Take
0%
take
0%
talk
0%
talking
0%
telling
0%
That
0%
that
0%
thing
0%
this
0%
time
0%
ton
0%
wait
0%
we
0%
wear
0%
Weight
0%
were
0%
what
0%
when
0%
why
0%
wish
0%
ya
0%
yeah
0%
Yeah
0%
you
0%
your
0%
Your
0%
you're
0%
You're
0%
No matching quizzes found
Score Distribution
Percent of People with Each Score
Percentile by Number Answered
Your Score History
You have not taken this quiz